| 000 | 01602nam a22002417a 4500 | ||
|---|---|---|---|
| 003 | DO-SdBJH | ||
| 005 | 20250523130231.0 | ||
| 008 | 250523b |||||||| |||| 00| 0 spa d | ||
| 040 |
_aDO-SdBJH _bspa _cDO-SdBJH |
||
| 090 |
_aTG EGDC _b02359 2024 |
||
| 100 | 1 |
_aPolanco Pérez, José Manuel _esustentante |
|
| 245 | 1 | 0 |
_aAnálisis de la diplomacia de defensa para el fortalecimiento de las capacidades operativas y estratégicas de las Fuerzas Armadas de República Dominicana 2019-2023 / _c José Manuel Polanco Pérez, Evelyn Vásquez Batista, asesores Marcos A. Mateo Capellán, Ramón V. Taveras Morillo |
| 260 |
_aSanto Domingo : _bUNADE, _c2024 |
||
| 300 | _axiii, 110 páginas | ||
| 502 | _aTesis (Especialidad en Comando y Estado Mayor Conjunto) -- Universidad Nacional para la Defensa (UNADE). Escuela de Graduados de Doctrina Conjunta “General de División Gregorio Luperón”, 2024. | ||
| 504 | _aIncluye referencias bibliográficas e índices | ||
| 505 | _aEvolución de la diplomacia de Defensa en la República Dominicana. -- Marco legal y aplicación para de la diplomacia de defensa. -- Contribución de la diplomacia de defensa al fortalecimiento de las capacidades operativas y estratégicas de las Fuerzas Armadas de la República Dominicana 2019-2023 | ||
| 700 | 1 |
_a Vásquez Batista, Evelyn _esustentante |
|
| 700 | 1 |
_aMateo Capellán, Marcos A. _easesor |
|
| 700 | 1 |
_aTaveras Morillo, Ramón V. _easesor |
|
| 830 | _aUNADE. Escuela de Graduados de Doctrina Conjunta “General de División Gregorio Luperón”. Tesis y disertaciones académicas | ||
| 942 |
_2CL _cT |
||
| 999 |
_c8209 _d8209 |
||